000 00669nam a2200217Ia 4500
003 GCL
008 140319s9999 xx 000 0 ara d
040 _aGCL /
_cGCL
082 0 4 _a414.1
_bم ق
100 1 _aمحمد سالم محيسن
245 1 0 _aالقراءات واثرها فى علوم العربية /
_cمحمد سالم محيسن
260 _a[S.N] :
_bمكتبة الكليات الازهرية ،
_c1984
300 _aمتعدد
490 _a
650 0 4 _aالنحو
650 0 4 _aالاصوات اللغوية
650 0 4 _aاللغة العربية
650 0 4 _aالبلاغة العربية
650 0 4 _aالفاظ
942 _2ddc
_cBK
999 _c41825
_d41825